| 000 | 00552nam a22001577a 4500 | ||
|---|---|---|---|
| 005 | 20120211131129.0 | ||
| 020 |
_a8120318579 _c295.00 |
||
| 035 | _aB-62690 | ||
| 037 |
_aDPL _bENG |
||
| 100 |
_aCallahan, Evan _941614 |
||
| 245 |
_aTroubleshooting your web page / _cby Evan Callahan |
||
| 260 |
_aNew Delhi _bPrentice-Hall of India _c2001 |
||
| 300 |
_axx, 379p. _c22 cms. |
||
| 942 |
_2ddc _cEN _h005.754 _mCAL |
||
| 999 |
_c62560 _d62560 |
||